Black flower /

A tale of star-crossed love, political turmoil, and the dangers of seeking freedom in a new world, Black Flower is an epic story based on a little-known moment in history.

Bibliographic Details
Main Author: Kim, Young-ha, 1968-
Other Authors: La Shure, Charles
Format: Book
Language:English
Published: Boston, Mass. : Houghton Mifflin Harcourt, 2012.
Subjects:

MARC

Tag First Indicator Second Indicator Subfields
LEADER 00000cam a2200000 a 4500
001 in00002782848
005 20150922150337.0
008 120406s2012 mau 000 1 eng
010 |a  2012014220 
020 |a 9780547691138 (hc.) 
020 |a 0547691130 (hc.) 
029 1 |a NZ1  |b 14527297 
035 |a (OCoLC)ocn772099547 
035 |a (OCoLC)772099547 
040 |a DLC  |b eng  |c DLC  |d BTCTA  |d BDX  |d YDXCP  |d OCLCO  |d IHV  |d VP@  |d BWX  |d UtOrBLW 
041 1 |a eng  |h kor 
042 |a pcc 
049 |a TXAM 
050 0 0 |a PL992.415.Y5863  |b K6613 2012 
082 0 0 |a 895.7/34  |2 23 
100 1 |a Kim, Young-ha,  |d 1968- 
240 1 0 |a Kŏmŭn kkot.  |l English 
245 1 0 |a Black flower /  |c Young-ha Kim ; translated from the Korean by Charles La Shure. 
264 1 |a Boston, Mass. :  |b Houghton Mifflin Harcourt,  |c 2012. 
300 |a 305 pages ;  |c 24 cm. 
336 |a text  |b txt  |2 rdacontent 
337 |a unmediated  |b n  |2 rdamedia 
338 |a volume  |b nc  |2 rdacarrier 
520 |a A tale of star-crossed love, political turmoil, and the dangers of seeking freedom in a new world, Black Flower is an epic story based on a little-known moment in history. 
600 1 0 |a Kim, Young-ha,  |d 1968-  |v Translations into English. 
650 0 |a Russo-Japanese War, 1904-1905  |x Refugees  |v Fiction. 
650 0 |a Koreans  |x Migrations  |v Fiction. 
650 0 |a Indentured servants  |v Fiction. 
655 7 |a Historical fiction.  |2 lcgft 
655 7 |a Epic fiction.  |2 gsafd 
700 1 |a La Shure, Charles. 
938 |a Baker and Taylor  |b BTCP  |n BK0010658900 
938 |a Brodart  |b BROD  |n 102430802  |c $25.00 
938 |a YBP Library Services  |b YANK  |n 7633770 
938 |a Blackwell Book Service  |b BBUS  |n 7633770 
947 |a A14836013575 
945 |a PromptCat  |b 108315 
946 |a stk 
994 |a 92  |b TXA 
948 |a Cataloged  |b h  |c 2012/11/30  |d c  |e EGrant 
999 |a MARS 
999 f f |s f0139c4c-946c-30d4-8512-9579dae3910c  |i 16bd1c42-df09-3d80-9854-b452f9ea03fd  |t 0 
952 f f |p normal  |a Texas A&M University  |b College Station  |c Sterling C. Evans Library  |d Evans: Library Stacks  |t 0  |e PL992.415.Y5863 K6613 2012  |h Library of Congress classification  |i unmediated -- volume  |m A14836013575 
998 f f |a PL992.415.Y5863 K6613 2012  |t 0  |l Evans: Library Stacks